| Registos Bibliográficos associados ao registo de autoridade |
|
Etiqueta de registo: 00000nkm 2200025 450 001 2282488 003 http://id.bnportugal.gov.pt/bib/catbnp/2282488 100 ## $a20260321f1990 m y0pory01030103ba 101 0# $apor 102 ## $aPT 200 1# $aAmor de Perdição, Camilo Castelo Branco «(»na versão de Romeu Correia«)», Auditório
da Escola Calouste Gulbenkian (Braga), ante-estreia 1 de junho, estreia 2 de junho$bVisual gráfico]$fGrupo de Teatro A2 de Braga, Os Pantomineiros de Palmeira$gdesign Bento Costa 210 #9 $aBraga$cGrupo de Teatro A2 de Braga,$d[1990?]$ePrado :$gTipoprado - Artes Gráficas, L.da) 215 ## $a1 cartaz$ccolor.$d62x43,5 cm 306 ## $aDatação atribuída em conformidade com o evento anunciado 317 ## $aColeção Madeira Luís 702 #1 $aCosta,$bBento$364375 710 01 $aGrupo de Teatro A2 de Braga$31992929 711 01 $a«Os» Pantomineiros de Palmeira$31992930 801 #0 $aPT$bBN$gRPC 966 ## $lBN$mICONOG$sCT. 25572 A.$x3 971 ## $cCaticonografia7$d20260321 995 ## $aPRR2026
|
|
|